| 000 | 02337pam a2200589 cc4500 | ||
|---|---|---|---|
| 001 | 1130269353 | ||
| 003 | DE-101 | ||
| 005 | 20251023140618.0 | ||
| 007 | tu | ||
| 008 | 170419s2018 gw ||||| |||| 00||||ger | ||
| 015 |
_a18,A35 _z17,N17 _2dnb |
||
| 016 | 7 |
_2DE-101 _a1130269353 |
|
| 020 |
_a9783551753601 _cBroschur : EUR 6.95 (DE), EUR 7.20 (AT), CHF 10.50 (freier Preis) |
||
| 020 | _a3551753601 | ||
| 024 | 3 | _a9783551753601 | |
| 035 | _a(DE-599)DNB1130269353 | ||
| 035 | _a(OCoLC)984753618 | ||
| 040 |
_a1245 _bger _cDE-101 _d9999 _erda |
||
| 041 |
_ager _hjpn |
||
| 044 | _cXA-DE | ||
| 082 | 7 | 4 |
_a741.5 _qDE-101 _223sdnb |
| 100 | 1 |
_0(DE-588)1068299665 _0https://d-nb.info/gnd/1068299665 _0(DE-101)1068299665 _aToboso, Yana _d1984- _eVerfasser _4aut _2gnd |
|
| 245 | 1 | 0 |
_aBlack butler _n24 _cYana Toboso ; aus dem Japanischen von Claudia Peter |
| 250 | _a1. Aufl. | ||
| 264 | 3 | 1 |
_aHamburg _bCarlsen Manga! _c2018 |
| 300 |
_acirca 178 Seiten _c136 g |
||
| 336 |
_aText _btxt _2rdacontent |
||
| 336 |
_aunbewegtes Bild _bsti _2rdacontent |
||
| 337 |
_aohne Hilfsmittel zu benutzen _bn _2rdamedia |
||
| 338 |
_aBand _bnc _2rdacarrier |
||
| 653 | _a(Produktform)Paperback / softback | ||
| 653 | _a(Zielgruppe)ab 14 bis 99 Jahre | ||
| 653 | _a(BISAC Subject Heading)CGN004050 | ||
| 653 | _a(DDC-Sachgruppen der Deutschen Nationalbibliografie)741.5 | ||
| 653 | _a(BISAC Subject Heading)CGN004050: COMICS & GRAPHIC NOVELS / Manga / General | ||
| 653 | _aButler | ||
| 653 | _aviktorianisches England | ||
| 653 | _aQueen Victoria | ||
| 653 | _aNürnberg | ||
| 653 | _aManga | ||
| 653 | _aJapanische Leserichtung | ||
| 653 | _aYana Toboso | ||
| 653 | _aManga-Bestseller | ||
| 653 | _a(BISAC Subject Heading)CGN004050: COMICS & GRAPHIC NOVELS / Manga / General | ||
| 653 | _a(VLB-WN)1182: Hardcover, Softcover / Belletristik/Comic, Cartoon, Humor, Satire/Manga, Manhwa | ||
| 655 | 7 |
_0(DE-588)4010427-8 _0https://d-nb.info/gnd/4010427-8 _0(DE-101)040104273 _aComic _2gnd-content |
|
| 773 | 0 | 8 |
_q224 _w(DE-101)1003052479 |
| 856 | 4 | 2 |
_mX:MVB _qtext/html _uhttp://deposit.dnb.de/cgi-bin/dokserv?id=08fb5a1f98134d828f56949275d18aff&prov=M&dok_var=1&dok_ext=htm _3Inhaltstext |
| 856 | 4 | 2 |
_mB:DE-101 _qapplication/pdf _uhttps://d-nb.info/1130269353/04 _3Inhaltsverzeichnis |
| 942 |
_2ddc _cMGA _n0 |
||
| 999 |
_c1396 _d1396 |
||